logo

Bir Sreshtho Munshi Abdur Rouf Library
Jhenaidah Cadet College

Nationalizing government : (Record no. 7950)

MARC details
000 -LEADER
fixed length control field 00872nam a2200277 a 4500
001 - CONTROL NUMBER
JCCL Control Number 7950
003 - CONTROL NUMBER IDENTIFIER
JCCL marc code BD-JhCC
005 - DATE AND TIME OF LATEST TRANSACTION
control field 20180215174953.0
008 - FIXED-LENGTH DATA ELEMENTS--GENERAL INFORMATION
fixed length control field 781002s1978 caua b 001 0 eng d
020 ## - INTERNATIONAL STANDARD BOOK NUMBER
International Standard Book Number 0803907079.
-- 0803907087
035 ## - SYSTEM CONTROL NUMBER
system control number (BD-JhCC)7950
040 ## - CATALOGING SOURCE
Original cataloging agency DLC
Transcribing agency DLC
Modifying agency BD-JhCC
041 ## - LANGUAGE CODE
Language code of Book eng
050 00 - LIBRARY OF CONGRESS CALL NUMBER
Classification number JK271
Item number .N38
082 00 - DEWEY DECIMAL CLASSIFICATION NUMBER
Classification number 309.173092
DDC Edition number 320.6
Author mark and Year NAT 1978
245 00 - TITLE STATEMENT
Title Nationalizing government :
Remainder of title public policies in America /
Statement of responsibility, etc Theodore J. Lowi, Alan Stone, editors.
260 ## - PUBLICATION, DISTRIBUTION, ETC. (IMPRINT)
Place of publication, distribution, etc Beverly Hills, Calif. :
Name of publisher, distributor, etc Sage Publications,
Date of publication, distribution, etc c1978.
300 ## - PHYSICAL DESCRIPTION
Pagination 455 p. :
Other physical details ill. ;
Dimensions 22 cm.
504 ## - BIBLIOGRAPHY, ETC. NOTE
Bibliography, etc Includes bibliographical references and indexes.
650 #0 - SUBJECT ADDED ENTRY--TOPICAL TERM
Topical term or geographic name as entry element Policy sciences.
651 #0 - SUBJECT ADDED ENTRY--GEOGRAPHIC NAME
Geographic name United States
General subdivision Politics and government
Chronological subdivision 1945-1989.
700 1# - ADDED ENTRY--PERSONAL NAME
Personal name Lowi, Theodore J.
700 1# - ADDED ENTRY--PERSONAL NAME
Personal name Stone, Alan,
Dates associated with a name 1931-
942 ## - ADDED ENTRY ELEMENTS (KOHA)
Source of classification or shelving scheme Dewey Decimal Classification
Koha item type Books
Holdings
Source of classification or shelving scheme Damaged status Not for loan Home library Current library Shelving location Date of accession Total Checkouts Full call number Barcode Date last seen Copy number Koha item type
Dewey Decimal Classification     JCC Rouf Library JCC Rouf Library General Stacks 02/15/2018   309.173092 NAT 1978 10590 02/15/2018 C-1 Books

JCC Library | Contacts | JCC Home

Last Update on 23 September 2017
Copyright @ 2017-2020 JCC Rouf Library
Rouf Library, Jhenidah Cadet College (JCC), Bangladesh